书目信息 |
| 题名: |
蚊虫综合治理
|
|
| 作者: | 陆宝麟 | |
| 分册: | ||
| 出版信息: | 北京 科学出版社 1999 |
|
| 页数: | 277 | |
| 开本: | 20cm | |
| 丛书名: | ||
| 单 册: | ||
| 中图分类: | R184.31 | |
| 科图分类: | ||
| 主题词: | 流行病学 , 防疫 | |
| 电子资源: | ||
| ISBN: | 7-03-007310-X | |
| 000 | 00532nam0 2200205 450 | |
| 001 | 0741144344 | |
| 005 | 20070817112544.34 | |
| 010 | @a7-03-007310-X@d¥25.00 | |
| 100 | @a20070817d km y0chiy0120 ea | |
| 101 | 0 | @achi |
| 200 | 1 | @a蚊虫综合治理@Awen chong zong he zhi li@f陆宝麟@Flu bao lin |
| 205 | @a2版 | |
| 210 | @a北京@c科学出版社@d1999 | |
| 215 | @a277@d20cm | |
| 606 | 0 | @a流行病学 |
| 606 | 0 | @a防疫 |
| 690 | @aR184.31@v3 | |
| 701 | 0 | @a陆宝麟@Alu bao lin |
| 801 | 0 | @aCN@bPFT@c20070817 |
| 905 | @a213230@dR184.31@en1@f1 | |
| 蚊虫综合治理/陆宝麟.-2版.-北京:科学出版社,1999 |
| 277;20cm |
| ISBN 7-03-007310-X:¥25.00 |
| ● |
| 相关链接 |
|
|
|
|
正题名:蚊虫综合治理
索取号:R184.31/n1
 
预约/预借
| 序号 | 登录号 | 条形码 | 馆藏地/架位号 | 状态 | 备注 |
| 1 | 6600872 | 266008722 | 生命科学系资料室/ [索取号:R184.31/n1] | 在馆 |